Statystyki dla Polskie Legendy Piłkarskie

Kliknij tutaj aby rozwiązać quiz!

Ogólne statystyki

  • Ten quiz został rozwiązany 959 razy
  • Średni wynik to 6 z 10

Statystyki odpowiedzi

HintOdpowiedź% Poprawnych
Były selekcjoner reprezentacji Polski w piłce nożnej. Jedyny Polak który znalazł się w liście FIFA 100. Oraz jedyny prócz Wojtka Szczęsnego polak grający dla Juventusu.Boniek
98%
Legenda Legii Warszawa dla której zagrał w 304 spotkaniach. Zginął w wypadku samochodowym 1 września 1989 roku. Jego numer (10) został zastrzeżony w 2006 roku.Deyna
88%
Legenda Stali Mielec. Dwukrotny król strzelców ekstraklasy. Dwukrotnie wybierany „Piłkarzem Roku” w plebiscycie „Piłki Nożnej”. W reprezentacji Polski wystąpił w 100 meczach. Dwukrotnie wystąpił na igrzyskach olimpijskich gdzie zdobył złoty medal w Monachium i srebrny w Montrealu.Lato
82%
Wychowanek Feyenoordu grający na pozycji pomocnika lub napastnika. W 2005 roku przeszedł na dwa sezony do Borussii Dortmund. W naszej rodzimej lidze grał dla takich klubów jak Polonia Warszawa oraz Jagiellonia Białystok gdzie zakończył karierę w 2013 roku.Smolarek
76%
Obrońca znany głównie z gry dla Górnika Zabrze oraz FC Schalke 04. Obecnie "komentator sportowy". Znany z takich cytatów jak: "Mieli trzy, cztery groźne strzały z czego dwa były groźne". "Robi się tak zwany sandwich, jeden za nim jeden przed nim"Hajto
75%
Napastnik grający głównie dla Górnika Zabrze oraz KSC Lokeren. Reprezentant polski w latach 1963-1980. Jest on najmłodszym zdobywcą bramki w reprezentacji miał on wtedy 16 lat oraz drugi najskuteczniejszy strzelec reprezentacji.Lubański
65%
Zawodnik który w Ekstraklasie grał tylko dla klubów z Warszawy (Polonia, Hutnik oraz Legia). Jeden z czterech piłkarzy którzy dla reprezentacji polski zagrali w przynajmniej 100 meczach. Obrońca ten ma również brata bliźniaka także piłkarza.Żewłakow
63%
Srebrny medalista mistrzostw świata w RFN w 1974 roku oraz mistrzostw świata w Hiszpanii w 1982 roku. W sumie wystąpił w 517 meczach. Napastnik ten najwięcej spotkań zagrał dla francuskiego klubu AJ Auxerre.Szarmach
48%
W ekstraklasie reprezentował tylko barwy Górnika Zabrze gdzie spędził 13 lat. W 1980 przeniósł się do szwajcarskiego FC Sankt Gallen gdzie spędził trzy sezony. Jeden z członków pamiętnych Orłów Górskiego.Gorgoń
26%
Urodzony w 1897 roku. Piłkarska legenda Wisły Kraków grał tam przez 19 lat (spędził tam całą swoją karierę). Najlepszy sezon miał w roku 1927 gdzie strzelił 37 bramek i jako pierwszy w polskiej lidze 5 bramek w jednym meczu.Reyman
22%

Rozkład punktacji

Percentyl według liczby udzielonych odpowiedzi

Procent ludzi z każdym wynikiem

Twoja historia wyników

Nie rozwiązałeś tego quizu